000 00921nam a2200289 a 4500
001 000112583
003 CHAP
005 20220329144313.0
008 160727s2004 mx a |r| |||||||spa d
010 _a109044
011 _a110016
020 _a9688847763
040 _cCHAP
082 0 4 _a631.45
_bZ91
100 0 0 _aZárate Zárate, Rafael.
_9124130
245 1 0 _aMetodología estadística para la interpretación de datos sobre degradación de la tierra /
_cpor Rafael Zárate Zárate y Martha Elba Ramírez Guzmán.
260 _aChapingo, Méx. :
_bUACH,
_c2004.
300 _a120 p. :
_bil., cuadros, grafs.
590 _aE6096MTM
_b05
_c20160727
_lUCH01
_h1031
650 1 4 _aAnálisis estadístico.
_95984
650 1 4 _aEstadística
_xMetodología.
_938253
650 1 4 _aSuelos
_xDegradación.
_9110336
700 0 _aRamírez Guzmán, Martha Elva.
_994045
901 _aBK
942 _cLIBRO
942 _n0
999 _c109044
_d109044